000 00774nam0a22002531 4500
001 rc\4439857
005 20130416160400.4
021 _aRU
_b[60-79088]
035 _a(NLR Aleph) 008314682
090 _a8719305
_c8719305
100 _a20130416d1960 |||y0rusy50 ca
101 0 _arus
102 _aRU
105 _ay z |||||
200 1 _aЭкономические воззрения Чокана Валиханова
210 _aМосква
_cСоцэкгиз
_d1960
215 _a131 с.
_d20
700 1 _aИлюсизов
_bМ. К.
_gМукаш Каппасович
702 1 _aВалиханов
_bЧ. Ч.
_gЧокан Чингисович
_4570
801 0 _aRU
_bNLR
_gpsbo
801 1 _aRU
_bELAR
_2rusmarc
852 _aNLR
_j60-3/5392
942 _cBOOK
980 _aNB